000 00686nam a2200253Ia 4500
003 OSt
005 20221006144028.0
006 a|||||r|||| 00| 0
007 ta
008 221006b |||||||| |||| 00| 0 eng d
020 _c45.00
024 _a10,679
037 _cTextual
040 _aEASL
_cEASL
_beng
041 _2eng
_aeng
082 _aW691xM87,3, L7
100 _aSHIVIAH M
245 0 _aNew humanism and democratic politics
_b a study of M.N. Roy's theory of the state
260 _aBombay
_bPopular Prakashan
_c1977
300 _a282p.
_ccm.
490 _v Oth
942 _hW691xM87,3, L7
_cTEXL
_2CC
999 _c1078765
_d1078765